MARC

LEADER 00000nam0a2200000 4500
001 305044
005 20231102001749.0
035 |a (RuTPU)RU\TPU\book\330310 
090 |a 305044 
100 |a 20150923d1983 km y0rusy50 ca 
101 0 |a rus 
102 |a UA 
105 |a y z 101zy 
200 1 |a Международная конференция по теории приближения функций (Киев, 30 мая-6 июня, 1983 г.)  |e тезисы докладов  |f Академия наук СССР (АН СССР), Математический институт им. В. А. Стеклова (МИАН) ; Академия наук Украинской ССР (АН УССР), Институт математики 
210 |a Киев  |c Изд-во Ин-та математики АН УССР  |d 1983 
215 |a 231 с. 
320 |a Библиогр. в конце докл. 
606 1 |a Приближений теория  |2 stltpush  |3 (RuTPU)RU\TPU\subj\51522  |9 70095 
610 1 |a функции 
610 1 |a специальные функции 
610 1 |a численное интегрирование 
610 1 |a суммирования метод 
610 1 |a приближение сплайнами 
610 1 |a суммы Фурье 
610 1 |a отображения 
610 1 |a теоремы вложения 
610 1 |a метрические пространства 
610 1 |a ряды Фурье 
610 1 |a аппроксимация 
610 1 |a конференции 
610 1 |a Киев 
675 |a 517.518.8(063)  |v 4 
712 0 2 |a Академия наук СССР (АН СССР)  |b Математический институт им. В. А. Стеклова (МИАН)  |2 stltpush  |3 (RuTPU)RU\TPU\col\11336 
712 0 2 |a Академия наук Украинской ССР (АН УССР)  |b Институт математики  |2 stltpush  |3 (RuTPU)RU\TPU\col\11281 
712 1 2 |a Международная конференция по теории приближения функций  |e Киев  |f 1983  |4 570 
801 1 |a RU  |b 63413507  |c 20150923 
801 2 |a RU  |b 63413507  |c 20190708  |g RCR 
942 |c BK